| 000 | 01026nam a22003015i 4500 | ||
|---|---|---|---|
| 999 |
_c28139 _d28110 |
||
| 003 | EG-ScBUE | ||
| 005 | 20200218112119.0 | ||
| 008 | 200218t20192019nyua f b 001 0 eng d | ||
| 020 | _a9781260085044 | ||
| 020 | _a126008504X | ||
| 040 |
_aEG-ScBUE _beng _erda _cEG-ScBUE _dEG-ScBUE |
||
| 082 | 0 | 4 |
_a302.2072 _bKEY _222 |
| 100 | 1 |
_aKeyton, Joann, _eauthor. _931906 |
|
| 245 | 1 | 0 |
_aCommunication research : _basking questions, finding answers / _cJoann Keyton, North Carolina State University. |
| 250 | _aFifth edition. | ||
| 250 | _aInternational student edition. | ||
| 264 | 1 |
_aNew York : _bMcGraw-Hill Education, _c[2019] |
|
| 264 | 4 | _cc2019 | |
| 300 |
_a1 volume (various pagings) : _billustrations ; _c24 cm |
||
| 336 |
_atext _btxt _2rdacontent |
||
| 337 |
_aunmediated _bn _2rdamedia |
||
| 338 |
_avolume _bnc _2rdacarrier |
||
| 504 | _aIncludes bibliographical references and index. | ||
| 650 | 7 |
_aCommunication _xResearch. _2BUEsh |
|
| 653 |
_bCOMAME _cFebruary2020 |
||
| 942 |
_2ddc _cBB |
||